|
|
|
|
| LEADER |
00000nam a22000005a 4500 |
| 001 |
vtls010316838 |
| 003 |
SK-MaSNL |
| 005 |
20260301032119.0 |
| 008 |
250414s2011 xo boa f 100 0 slo |
| 015 |
|
|
|a SNBA2012/01-00304
|
| 020 |
|
|
|a 9788097077730 (brož.)
|
| 035 |
|
|
|a 5d4be273-35c3-4d55-8680-ca1f23e6a6a0
|
| 035 |
|
|
|a urn:nbn:sk:snk-amjtk2
|
| 035 |
|
|
|a urn:nbn:sk:snk:ar-a0c87f
|
| 040 |
|
|
|a SNK
|b slo
|c SNK
|e AACR2
|
| 041 |
0 |
|
|a slo
|b ger
|b hun
|
| 044 |
|
|
|a xo
|c SK
|
| 072 |
|
7 |
|a 94(437)
|x Dejiny Česka a Slovenska
|2 konspekt
|
| 072 |
|
7 |
|a 622
|x Baníctvo
|2 konspekt
|
| 080 |
|
|
|a 94(437.6)
|2 2001
|
| 080 |
|
|
|a (062.534)
|2 2001
|
| 080 |
|
|
|a 622
|2 2001
|
| 111 |
2 |
|
|a 720. výročie prvej písomnej zmienky o Rožňave
|n (4. :
|d 2011 :
|c Rožňava, Slovensko)
|9 328840
|
| 245 |
0 |
0 |
|a 720. výročie prvej písomnej zmienky o Rožňave
|b zborník prednášok z konferencie : Rožňava, 26. augusta 2011 : [4. stretnutie banských miest a obcí Slovenska]
|c [zostavila: Eva Tományová]
|
| 246 |
3 |
|
|a Sedemstodvadsiate výročie prvej písomnej zmienky o Rožňave
|
| 250 |
|
|
|a 1. vyd.
|
| 260 |
|
|
|a Rožňava
|b Gemerský banícky spolok Bratstvo
|c 2011
|
| 300 |
|
|
|a 82 s.
|b fotogr., ilustr. mp.
|c 29 cm
|
| 366 |
|
|
|e 200 výt.
|
| 504 |
|
|
|a Bibliogr. odkazy
|
| 546 |
|
|
|a Res. nem., maď.
|
| 650 |
0 |
7 |
|a baníctvo
|2 SNKPH
|9 3571
|
| 650 |
0 |
7 |
|a Mining
|2 SNKPHeng
|9 266354
|
| 651 |
|
7 |
|a Rožňava (Slovensko)
|2 SNKPH
|9 17394
|
| 651 |
|
7 |
|a Rožňava (Slovakia)
|2 SNKPHeng
|9 265899
|
| 655 |
|
7 |
|a zborníky konferencií
|2 SNKPHeng
|9 70153
|
| 655 |
|
7 |
|a Proceedings of conferences
|2 SNKPHeng
|9 265791
|
| 655 |
|
7 |
|a issue_zb
|2 SNK
|9 276493
|
| 700 |
1 |
|
|a Tományová, Eva
|4 com
|9 328841
|
| 852 |
|
|
|a Slovenská národná knižnica
|
| 919 |
|
|
|a 978-80-970777-3-0
|
| 954 |
|
|
|a odborná, vedecká literatúra pôvodná (slovenská)
|2 lita
|
| 954 |
|
|
|a odborná, vedecká literatúra cudzojazyčná (svetová)
|2 lita
|
| 958 |
|
|
|a OND
|
| 958 |
|
|
|a ART
|
| 958 |
|
|
|a NB
|
| 968 |
|
|
|d 93/94
|
| 999 |
|
|
|c 577839
|d 579769
|
| 952 |
|
|
|a SNK
|b SNK
|y PREZ
|7 0
|p 17A0716653
|o snkSB 82038
|i snk2011/20864
|8 0
|0 0
|1 0
|4 0
|d 2011-10-07
|f 1
|l 0
|r 2025-05-06 00:00:00
|w 2026-02-23
|
| 952 |
|
|
|a SNK
|b SNK
|y VYP
|7 0
|p 17A0716654
|o snkSB 82038 D1
|i snk2011/20865
|8 0
|0 0
|1 0
|4 0
|d 2011-10-07
|l 0
|r 2016-06-30 00:00:00
|w 2026-02-23
|